000 00592nam a22002177a 4500
003 OSt
005 20140310182806.0
008 130214t xxu||||| |||| 00| 0 eng d
020 _a9789814314794
050 _aHD 30.2
_b.R462 2010
082 _aM 658.4038
_bR463 2010
245 _aInformation technology management
_cReynolds, George W.
250 _aPhilippine ed.
260 _aPasig City
_bCengage Learning Asia
_c2010
300 _a329 p. : ill.
_c23 cm.
521 _acollege students
526 _c1210L-1700L
541 _j1
562 _e1
942 _2lcc
_cBK
_kM
999 _c16082
_d16082